Statistics for World cups

Click here to take the quiz!

General Stats

  • This quiz has been taken 54 times
    (25 since last reset)
  • The average score is 1 of 5

Answer Stats

QuestionAnswer% Correct
How many World Cup has the Netherlands won0
93%
How many world cups did Spain win2
13%
How many world cups did Germany win6
13%
How many world cups did Japan win1
7%
How many world cups did the USA win4
7%

Score Distribution

Percentile by Number Answered

Percent of People with Each Score

Your Score History

You have not taken this quiz since the last reset